|
|
|
|
| LEADER |
00000nam0a2200000 4500 |
| 001 |
279358 |
| 005 |
20231101235213.0 |
| 020 |
|
|
|a RU
|b 86-49414
|
| 035 |
|
|
|a (RuTPU)RU\TPU\book\302636
|
| 090 |
|
|
|a 279358
|
| 100 |
|
|
|a 20141218d1986 m y0rusy5003 ca
|
| 101 |
0 |
|
|a rus
|
| 102 |
|
|
|a RU
|
| 105 |
|
|
|a y z 001zy
|
| 200 |
1 |
|
|a Кварки и мир
|e в помощь лектору
|f Р. Ю. Волковыский
|
| 210 |
|
|
|a Ленинград
|c Знание
|d 1986
|
| 215 |
|
|
|a 30 с.
|
| 225 |
1 |
|
|a В помощь лектору
|
| 320 |
|
|
|a Библиогр.: с. 32 (5 назв.)
|
| 606 |
1 |
|
|a Кварки, теория
|x (физика)
|2 stltpush
|3 (RuTPU)RU\TPU\subj\14233
|9 40686
|
| 610 |
1 |
|
|a лептоны
|
| 610 |
1 |
|
|a взаимодействие
|
| 610 |
1 |
|
|a фундаментальные частицы
|
| 610 |
1 |
|
|a квантовая хромодинамика
|
| 610 |
1 |
|
|a перспективы
|
| 675 |
|
|
|a 539.12.072
|z rus
|v 4
|
| 700 |
|
1 |
|a Волковыский
|b Р. Ю.
|g Ромуальд Юрьевич
|4 070
|
| 801 |
|
0 |
|a RU
|b RuMRKP
|c 19950704
|g psbo
|
| 801 |
|
1 |
|a RU
|b 63413507
|c 20141218
|
| 801 |
|
2 |
|a RU
|b 63413507
|c 20170418
|g RCR
|
| 942 |
|
|
|c BK
|